01753nam a2200337 i 4500003000900000005001700009008004100026040004600067041000800113082003200121092000700153099004700160100004100207245016500248250003000413264005300443300003000496336002200526337002400548338003300572504006100605546004100666650005300707856005700760905000700817942001900824999001700843952018500860952018501045952018501230EG-GICUC20260121101531.0251222s1997    ku ||||fr|||| 00| 0 ara d  a EG-GICUCbarac EG-GICUCd EG-GICUCerda0 aara04221a345.4510538bع ز . م04221  aLaw1 07	345.4510538 ع ز . م 1 ed - 19970 aعزيزة الشريفeمؤلف.10aمساءلة الموظف العام فى الكويت المسئولية المدنية والجنائية والإدارية /cعزيزة الشريف.  aالطبعة الاولى 1aالكويت :bجامعة الكويت،c1997.  a459 ؛ صفحةc24 سم.  2rda contentatext  2rda mediaaComputer  2rda carrieraOnline Resource  aيحتوي على ارجاعات ببليوجرافية
  aالنص باللغة العربية14aالسلطات التاديبية zالكويت40uhttps://fll.law.cu.edu.eg/fulltext/bks/B07-01644.pdf  a75  2ddccBKe21n0  c52133d52133  00102ddc40718القانون الإداريaCUbLAW1d2025-12-22l0oLaw1 07	345.4510538  ع ز . م 1 ed - 1997 0701644	C1pB07-01644r2025-12-22 13:22:00t1w2025-12-22yBK  00102ddc40708القانون الإداريaCUbLAW1d2025-12-22l0oLaw1 07	345.4510538  ع ز . م 1 ed - 1997 0701645	C2pB07-01645r2025-12-22 13:22:00t2w2025-12-22yBK  00102ddc40708القانون الإداريaCUbLAW2d2025-12-22l0oLaw2 07	345.4510538  ع ز . م 1 ed - 1997 0701646	C3pB07-01646r2025-12-22 13:23:00t3w2025-12-22yBK